[Event "O Pohár mìsta Øíèany 2015 - OPEN A"]
[Site "Øíèany"]
[Date "2015.08.25"]
[Round "5.1"]
[White "Plat, Vojtech"]
[Black "Svatos, Jan"]
[Result "1-0"]
[WhiteElo "2458"]
[BlackElo "2285"]
[PlyCount "0"]
[EventDate "2015.08.22"]

1. d4 {[%clk 1:30:57]} 1... Nf6 {[%clk 1:30:48]} 2. c4 {[%clk 1:31:21]} 2... g6
{[%clk 1:31:12]} 3. g3 {[%clk 1:31:21]} 3... Bg7 {[%clk 1:31:36]} 4. Bg2 {[%clk
1:31:47]} 4... O-O {[%clk 1:31:59]} 5. Nc3 {[%clk 1:32:12]} 5... d6 {[%clk
1:32:14]} 6. Nf3 {[%clk 1:32:24]} 6... Nc6 {[%clk 1:32:27]} 7. d5 {[%clk
1:32:48]} 7... Na5 {[%clk 1:31:47]} 8. Qd3 {[%clk 1:33:10]} 8... c5 {[%clk
1:32:07]} 9. O-O {[%clk 1:33:24]} 9... a6 {[%clk 1:31:53]} 10. e4 {[%clk
1:33:40]} 10... b5 {[%clk 1:32:03]} 11. cxb5 {[%clk 1:34:04]} 11... axb5 {[%clk
1:32:27]} 12. Nxb5 {[%clk 1:34:26]} 12... Ba6 {[%clk 1:32:47]} 13. a4 {[%clk
1:34:46]} 13... c4 {[%clk 1:26:19]} 14. Qc2 {[%clk 1:32:15]} 14... Nb3 {[%clk
1:02:46]} 15. Ra3 {[%clk 1:29:37]} 15... Qd7 {[%clk 1:02:26]} 16. e5 {[%clk
1:23:30]} 16... Ng4 {[%clk 0:36:51]} 17. Qxc4 {[%clk 1:15:15]} 17... Nxc1 {[%clk
0:36:48]} 18. e6 {[%clk 1:14:33]} 18... Qc8 {[%clk 0:21:32]} 19. Qxg4 {[%clk
1:14:33]} 19... Bxb2 {[%clk 0:21:44]} 20. Re3 {[%clk 1:12:42]} 20... Qc2 {[%clk
0:15:50]} 21. exf7+ {[%clk 1:11:32]} 21... Rxf7 {[%clk 0:16:19]} 22. Ng5 {[%clk
1:10:23]} 22... Bc8 {[%clk 0:13:24]} 23. Qh4 {[%clk 1:07:49]} 23... Bf6 {[%clk
0:11:59]} 24. Nxd6 {[%clk 1:07:45]} 24... Bxg5 {[%clk 0:01:24]} 25. Qxg5 {[%clk
1:08:11]} 25... Ne2+ {[%clk 0:00:53]} 26. Rxe2 {[%clk 1:08:05]} 26... Qxe2
{[%clk 0:01:21]} 27. Nxf7 {[%clk 1:08:24]} 27... Kxf7 {[%clk 0:01:50]} 28. d6
{[%clk 1:02:14]} 1-0

[Event "O Pohár mìsta Øíèany 2015 - OPEN A"]
[Site "Øíèany"]
[Date "2015.08.25"]
[Round "5.2"]
[White "Vojta, Tomas"]
[Black "Hollan, Petr"]
[Result "1/2-1/2"]
[WhiteElo "2387"]
[BlackElo "2070"]
[PlyCount "0"]
[EventDate "2015.08.22"]

1. e4 e5 2. Bc4 Nf6 3. d3 c6 4. Nf3 d5 5. Bb3 Bd6 6. Nc3 Be6 7. O-O O-O 8. Bg5
d4 9. Ne2 Nbd7 10. Ng3 a5 11. c3 dxc3 12. bxc3 h6 13. Be3 a4 14. Bc2 b5 15. Nh4
Ba3 16. Ngf5 Bb2 17. Qf3 Kh8 1/2-1/2

[Event "O Pohár mìsta Øíèany 2015 - OPEN A"]
[Site "Øíèany"]
[Date "2015.08.25"]
[Round "5.3"]
[White "Vesselovsky, Serguei"]
[Black "Krivanek, Vladimir"]
[Result "1-0"]
[WhiteElo "2348"]
[BlackElo "2105"]
[PlyCount "0"]
[EventDate "2015.08.22"]

1. e4 {[%clk 1:30:56]} 1... e5 {[%clk 1:30:46]} 2. Nf3 {[%clk 1:31:14]}
2... Nc6 {[%clk 1:31:04]} 3. Bb5 {[%clk 1:31:37]} 3... Nd4 {[%clk 1:31:14]}
4. Nxd4 {[%clk 1:31:47]} 4... exd4 {[%clk 1:31:38]} 5. Bc4 {[%clk 1:31:56]}
5... h5 {[%clk 1:31:40]} 6. d3 {[%clk 1:27:20]} 6... c6 {[%clk 1:28:27]} 7. O-O
{[%clk 1:25:33]} 7... Bc5 {[%clk 1:26:58]} 8. Nd2 {[%clk 1:23:16]} 8... d5
{[%clk 1:20:23]} 9. Bb3 {[%clk 1:18:40]} 9... Nf6 {[%clk 1:17:17]} 10. e5 {[%clk
1:09:54]} 10... Ng4 {[%clk 0:58:10]} 11. Nf3 {[%clk 1:08:40]} 11... Nh6 {[%clk
0:56:13]} 12. c3 {[%clk 1:07:25]} 12... Bg4 {[%clk 0:52:15]} 13. h3 {[%clk
0:58:08]} 13... Nf5 {[%clk 0:28:37]} 14. c4 {[%clk 0:56:04]} 14... Bxf3 {[%clk
0:19:54]} 15. Qxf3 {[%clk 0:55:50]} 15... Nh4 {[%clk 0:19:20]} 16. Qe2 {[%clk
0:51:42]} 16... g5 {[%clk 0:13:58]} 17. cxd5 {[%clk 0:48:50]} 17... cxd5 {[%clk
0:13:40]} 18. g3 {[%clk 0:40:20]} 18... Ng6 {[%clk 0:11:48]} 19. Qf3 {[%clk
0:30:14]} 19... Qe7 {[%clk 0:10:54]} 20. Bxd5 {[%clk 0:13:25]} 20... O-O-O
{[%clk 0:07:22]} 21. Qf5+ {[%clk 0:10:32]} 21... Qd7 {[%clk 0:07:30]} 22. Be4
{[%clk 0:10:45]} 22... Kb8 {[%clk 0:05:53]} 23. Bxg5 {[%clk 0:08:59]} 23... Be7
{[%clk 0:02:13]} 24. Qxd7 {[%clk 0:07:07]} 24... Rxd7 {[%clk 0:02:41]} 25. Bxe7
{[%clk 0:07:20]} 25... Nxe7 {[%clk 0:02:42]} 26. f4 {[%clk 0:06:05]} 26... Rg8
{[%clk 0:02:17]} 27. Kf2 {[%clk 0:06:03]} 27... Rc7 {[%clk 0:01:56]} 28. Rac1
{[%clk 0:05:54]} 28... Rgc8 {[%clk 0:02:14]} 29. Rxc7 {[%clk 0:06:05]}
29... Rxc7 {[%clk 0:02:40]} 30. Re1 {[%clk 0:05:22]} 30... b5 {[%clk 0:02:28]}
31. f5 {[%clk 0:05:09]} 31... a5 {[%clk 0:02:46]} 32. f6 {[%clk 0:05:06]}
32... Nc8 {[%clk 0:02:18]} 33. g4 {[%clk 0:04:31]} 33... hxg4 {[%clk 0:02:18]}
34. hxg4 {[%clk 0:05:00]} 34... Nb6 {[%clk 0:02:36]} 35. g5 {[%clk 0:05:05]}
35... Nd7 {[%clk 0:02:23]} 36. Bf5 {[%clk 0:04:16]} 36... Rc2+ {[%clk 0:02:42]}
37. Kg3 {[%clk 0:03:26]} 37... Kc7 {[%clk 0:02:44]} 38. Bxd7 {[%clk 0:03:16]}
38... Kxd7 {[%clk 0:03:09]} 39. g6 {[%clk 0:03:07]} 39... fxg6 {[%clk 0:03:29]}
40. e6+ {[%clk 0:03:31]} 40... Ke8 {[%clk 0:03:46]} 41. Rh1 {[%clk 0:03:45]}
41... Rxb2 {[%clk 0:04:09]} 42. Rh8# 1-0

[Event "O Pohár mìsta Øíèany 2015 - OPEN A"]
[Site "Øíèany"]
[Date "2015.08.25"]
[Round "5.4"]
[White "Skalicky, Tomas"]
[Black "Mejzlik, Ondrej"]
[Result "0-1"]
[WhiteElo "2119"]
[BlackElo "2312"]
[PlyCount "0"]
[EventDate "2015.08.22"]

1. e4 c6 2. c4 d5 3. exd5 cxd5 4. d4 Nf6 5. Nc3 Nc6 6. Nf3 e6 7. cxd5 Nxd5
8. Bd3 Be7 9. O-O Bf6 10. Be4 O-O 11. Re1 Nde7 12. Bg5 Nf5 13. d5 Bxg5 14. dxc6
bxc6 15. Qxd8 Bxd8 16. Bxc6 Rb8 17. Rab1 Bb7 18. Bxb7 Rxb7 19. b4 Be7 20. b5 Rc8
21. Ne4 h5 22. g3 a6 23. bxa6 Ra7 24. Rec1 Rca8 25. Rb6 Rxa6 26. Rxa6 Rxa6
27. Rc8+ Kh7 28. Rc2 f6 29. h4 Kg6 30. Kg2 Ra3 31. Rb2 e5 32. Nfd2 Kf7 33. Nb1
Ra7 34. Nbc3 Nd4 35. a4 f5 36. Nd2 e4 37. Nb5 Rxa4 38. Nxd4 Rxd4 39. Nf1 g6
40. Rc2 Rd5 41. Ne3 Rc5 42. Rxc5 Bxc5 43. Nd5 Bd6 44. Nc3 Be5 45. Nd1 Bd4 46. f3
Ke6 0-1

[Event "O Pohár mìsta Øíèany 2015 - OPEN A"]
[Site "Øíèany"]
[Date "2015.08.25"]
[Round "5.5"]
[White "Moravec, Vit"]
[Black "Pycha, Patrik"]
[Result "1-0"]
[WhiteElo "2209"]
[BlackElo "2075"]
[PlyCount "0"]
[EventDate "2015.08.22"]

1. d4 d5 2. Nf3 Nf6 3. c4 e6 4. g3 Be7 5. Bg2 O-O 6. O-O dxc4 7. Ne5 c5 8. dxc5
Qc7 9. Nxc4 Qxc5 10. b3 Qh5 11. e3 Qxd1 12. Rxd1 Na6 13. Bb2 Nc5 14. Nc3 Rb8
15. b4 Ncd7 16. a3 Nb6 17. Nxb6 axb6 18. Na4 b5 19. Be5 Ra8 20. Nb6 Ra7 21. Rac1
1-0

[Event "O Pohár mìsta Øíèany 2015 - OPEN A"]
[Site "Øíèany"]
[Date "2015.08.25"]
[Round "5.6"]
[White "Marikova, Jana"]
[Black "Hollan, Martin"]
[Result "1/2-1/2"]
[WhiteElo "2148"]
[BlackElo "2180"]
[PlyCount "0"]
[EventDate "2015.08.22"]

1. d4 f5 2. c4 Nf6 3. Nc3 g6 4. g3 Bg7 5. Bg2 O-O 6. Nf3 d6 7. O-O Nc6 8. d5
Na5 9. Qa4 c5 10. dxc6 Nxc6 11. Rd1 Ne4 12. c5 Nxc5 13. Qh4 Ne4 14. Nxe4 fxe4
15. Qxe4 Bf5 16. Qh4 Qe8 17. Bh6 Bxh6 18. Qxh6 Qf7 19. Ng5 Qg7 20. Bd5+ Kh8
21. Qxg7+ Kxg7 22. Rac1 h6 23. Ne6+ Bxe6 24. Bxe6 Kf6 25. Bd5 Rac8 26. Rc3 Ne5
27. Rdc1 Rxc3 28. Rxc3 Nc6 29. Bxc6 bxc6 30. Rxc6 Rb8 31. b3 a5 32. Kg2 a4
33. bxa4 Rb4 34. Ra6 Rb2 35. Kf3 Rxa2 36. Ra8 d5 37. a5 Ra3+ 38. Kg2 Ra2 39. a6
Kg7 40. a7 Ra3 41. e3 Ra2 42. Kf3 e5 43. Rd8 Rxa7 44. Rxd5 Rf7+ 45. Ke4 Rxf2
46. h4 h5 47. Rxe5 Kf6 48. Ra5 Rb2 49. Ra6+ Kf7 50. Ke5 Rb5+ 51. Kf4 Rf5+
52. Ke4 Rb5 53. Ra4 Ke6 54. Kf3 Rf5+ 55. Rf4 Ra5 1/2-1/2

[Event "O Pohár mìsta Øíèany 2015 - OPEN A"]
[Site "Øíèany"]
[Date "2015.08.25"]
[Round "5.7"]
[White "Starek, Stanislav"]
[Black "Hanl, Frantisek"]
[Result "1-0"]
[WhiteElo "2165"]
[BlackElo "2052"]
[PlyCount "0"]
[EventDate "2015.08.22"]

1. d4 d5 2. Nf3 Nf6 3. Bf4 g6 4. Nc3 c6 5. Qd2 Bg7 6. O-O-O Qa5 7. Kb1 b5
8. Nxd5 Qxd2 9. Nxf6+ Bxf6 10. Rxd2 Bb7 11. e3 O-O 12. c4 a6 13. Be2 Nd7
14. Rhd1 Nb6 15. b3 b4 16. Ne5 a5 17. Nd3 a4 18. Nc5 Bc8 19. Bc7 Nd7 20. Nxa4 e5
21. dxe5 Nxe5 22. Bxe5 Bxe5 23. Nb6 Bf5+ 24. Bd3 Bxd3+ 25. Rxd3 Ra6 26. Nd7 Re8
27. Nxe5 Rxe5 28. Rd8+ Kg7 29. Rb8 Rea5 30. Rd2 c5 31. Rb5 Rxb5 32. cxb5 Rb6
33. Kc2 Rxb5 34. Kd3 Ra5 35. Kc4 Kf6 36. e4 Ke6 37. f4 f6 38. Re2 Kd6 39. e5+
fxe5 40. fxe5+ Ke6 41. g4 g5 42. h3 h6 43. Re3 1-0

[Event "O Pohár mìsta Øíèany 2015 - OPEN A"]
[Site "Øíèany"]
[Date "2015.08.25"]
[Round "5.8"]
[White "Korsa, Jindrich"]
[Black "Hadzala, Daniel"]
[Result "0-1"]
[WhiteElo "2138"]
[BlackElo "2045"]
[PlyCount "0"]
[EventDate "2015.08.22"]

1. e4 e6 2. d4 d5 3. Nc3 Nf6 4. Bg5 Be7 5. e5 Nfd7 6. Bxe7 Qxe7 7. f4 O-O
8. Nf3 c5 9. Qd2 Nc6 10. dxc5 f6 11. exf6 Rxf6 12. O-O-O Qxc5 13. Bd3 Nb6
14. Rhe1 Bd7 15. Ne5 Raf8 16. g3 Nb4 17. a3 Nxd3+ 18. Qxd3 Be8 19. Rd2 a6
20. Qd4 Qc7 21. Rde2 Nc8 22. Ng4 Rg6 23. Ne5 Rgf6 24. Nd3 Bf7 25. Qc5 Qd8
26. Ne5 Bh5 27. Rd2 Nd6 28. g4 Bf7 29. f5 b6 30. Qd4 exf5 31. Nxd5 Re6 32. Nf4
Rh6 33. Nxf7 Nxf7 34. Qxd8 Nxd8 35. gxf5 Nc6 36. Ne6 Rxf5 37. Rd6 Ne5 38. Rxb6
Rxh2 39. Rb7 Rg2 40. Rd1 h5 41. Rd8+ Kh7 42. Nf8+ Kh6 43. Rd6+ g6 44. b4 Rxf8
45. Rxa6 Nc4 46. Rd7 Rff2 0-1

[Event "O Pohár mìsta Øíèany 2015 - OPEN A"]
[Site "Øíèany"]
[Date "2015.08.25"]
[Round "5.9"]
[White "Petras, Milan"]
[Black "Gregor, Jiri"]
[Result "0-1"]
[WhiteElo "1968"]
[BlackElo "2242"]
[PlyCount "0"]
[EventDate "2015.08.22"]

1. e4 c6 2. d4 d5 3. e5 Bf5 4. g4 Be4 5. f3 Bg6 6. Be3 e6 7. Ne2 f6 8. Nf4 Bf7
9. exf6 gxf6 10. c4 e5 11. Nh5 dxc4 12. Nc3 Nd7 13. d5 cxd5 14. Nxd5 Qa5+
15. Nc3 O-O-O 16. Qc2 Bc5 17. Bd2 Qc7 18. O-O-O a6 19. Ng3 Ne7 20. Qe4 Bd4
21. f4 Nc5 22. Qc2 exf4 23. Nf5 Be5 24. Nxe7+ Qxe7 25. Na4 Kb8 26. Bg2 Bg6
27. Qxc4 Nd3+ 28. Kb1 Nxb2+ 0-1

[Event "O Pohár mìsta Øíèany 2015 - OPEN A"]
[Site "Øíèany"]
[Date "2015.08.25"]
[Round "5.10"]
[White "Stanek, Ondrej"]
[Black "Jelinek, Michal"]
[Result "1/2-1/2"]
[WhiteElo "1637"]
[BlackElo "2178"]
[PlyCount "0"]
[EventDate "2015.08.22"]

1. e4 e6 2. d4 d5 3. Nd2 c5 4. exd5 Qxd5 5. Ngf3 cxd4 6. Bc4 Qd6 7. O-O Nf6
8. Nb3 Nc6 9. Nbxd4 Nxd4 10. Nxd4 a6 11. Re1 Qc7 12. Qe2 Bd7 13. c3 Bd6 14. h3
O-O-O 15. a4 Rhe8 16. a5 e5 17. Nc2 Be6 18. Bxe6+ Rxe6 19. Ne3 Bc5 20. b4 Ba7
21. c4 Bd4 22. Bb2 Kb8 23. b5 Rc8 24. Rec1 Qd8 25. Nf5 Bxb2 26. Qxb2 Nh5
27. bxa6 Rxa6 28. Qxe5+ Qc7 29. Qxc7+ Rxc7 30. g4 Nf4 31. Kh2 g6 32. Ne3 Nd3
33. Rc2 Rc5 34. Rd2 Ne5 35. Rd5 Rac6 36. a6 bxa6 37. Rxc5 1/2-1/2

[Event "O Pohár mìsta Øíèany 2015 - OPEN A"]
[Site "Øíèany"]
[Date "2015.08.25"]
[Round "5.11"]
[White "Zizka, Petr"]
[Black "Kotyk, Vaclav"]
[Result "1/2-1/2"]
[WhiteElo "1886"]
[BlackElo "2160"]
[PlyCount "0"]
[EventDate "2015.08.22"]

1. b3 d5 2. Bb2 Nf6 3. e3 e6 4. f4 Bd6 5. Nf3 O-O 6. c4 c5 7. Nc3 Nc6 8. cxd5
exd5 9. Bb5 d4 10. Ne2 dxe3 11. dxe3 Ng4 12. Bxc6 bxc6 13. Qd3 c4 14. Qc3 f6
15. h3 Qe7 16. Qxc4+ Be6 17. Qe4 f5 18. Qd4 Rfd8 19. Qxg7+ Qxg7 20. Bxg7 Nxe3
21. Kf2 Kxg7 22. Kxe3 Bc5+ 23. Ned4 Bd5 24. Ke2 Re8+ 25. Kd3 Rad8 26. Kc3 Re3+
27. Kb2 Kf6 28. Rac1 Bxd4+ 29. Nxd4 Bxg2 30. Rh2 Rxd4 31. Rxg2 Rxf4 32. Rxc6+
Re6 33. Rc7 Rh4 34. Rxa7 Rxh3 35. Rb7 f4 36. Rf2 f3 37. Kc3 Rd6 38. Rb5 Ke6
39. a4 Rd5 40. Rxd5 Kxd5 41. Kd3 Kc5 42. Ke3 Kb4 43. Rxf3 Rh6 44. Kf4 Re6
45. Kg5 Re8 46. Rf6 Re5+ 47. Kf4 Re1 48. Rb6+ Ka5 49. Rb5+ Ka6 50. Re5 Rb1
51. Re3 Ka5 52. Ke4 1/2-1/2

[Event "O Pohár mìsta Øíèany 2015 - OPEN A"]
[Site "Øíèany"]
[Date "2015.08.25"]
[Round "5.12"]
[White "Hradecky, Ivo"]
[Black "Hrdina, Robin"]
[Result "1/2-1/2"]
[WhiteElo "1965"]
[BlackElo "2144"]
[PlyCount "0"]
[EventDate "2015.08.22"]

1. d4 Nf6 2. c4 e6 3. Nc3 Bb4 4. e3 Bxc3+ 5. bxc3 O-O 6. Bd3 d6 7. f4 Nbd7
8. Nf3 Re8 9. h3 b6 10. O-O Bb7 11. Qc2 e5 12. fxe5 dxe5 13. Nd2 Qe7 14. Nb3 h6
15. a4 c5 16. a5 e4 17. Be2 Qe6 18. a6 Bc8 19. Ba3 Bxa6 20. dxc5 bxc5 21. Bxc5
Bxc4 1/2-1/2

[Event "O Pohár mìsta Øíèany 2015 - OPEN A"]
[Site "Øíèany"]
[Date "2015.08.25"]
[Round "5.13"]
[White "Kubikova, Hana"]
[Black "Postupa, Pavel"]
[Result "1-0"]
[WhiteElo "2107"]
[BlackElo "2002"]
[PlyCount "0"]
[EventDate "2015.08.22"]

1. d4 Nf6 2. c4 g6 3. Nc3 Bg7 4. e4 d6 5. Nf3 O-O 6. h3 e5 7. dxe5 dxe5 8. Qxd8
Rxd8 9. Nd5 Nxd5 10. cxd5 c6 11. Bc4 b5 12. Bb3 Bb7 13. Bg5 Rd7 14. O-O-O c5
15. Bd2 Na6 16. a4 c4 17. axb5 Nc5 18. Bc2 f5 19. Ng5 fxe4 20. Nxe4 Rxd5
21. Nxc5 Rxc5 22. f3 Rxb5 23. Bc3 Rb6 24. Rhe1 Re8 25. Be4 Bxe4 26. Rxe4 Rbe6
27. Rd7 R8e7 28. Rxe7 Rxe7 29. Rxc4 Kf7 30. Kc2 Ke6 31. Ra4 Rd7 32. Ra6+ Kd5
33. Kd3 e4+ 34. fxe4+ Kc5+ 35. Kc2 Bxc3 36. Kxc3 Re7 37. b4+ Kb5 38. Ra5+ Kc6
39. e5 Rd7 40. Rc5+ Kb6 41. e6 Re7 42. Re5 Kc6 43. Kd4 Kd6 44. g4 Rxe6 45. Ra5
1-0

[Event "O Pohár mìsta Øíèany 2015 - OPEN A"]
[Site "Øíèany"]
[Date "2015.08.25"]
[Round "5.14"]
[White "Rut, Vojtech"]
[Black "Cermak, Jan"]
[Result "1-0"]
[WhiteElo "2090"]
[BlackElo "1962"]
[PlyCount "0"]
[EventDate "2015.08.22"]

1. d4 Nf6 2. c4 e6 3. g3 d5 4. Nf3 dxc4 5. Bg2 a6 6. O-O Nc6 7. a4 Rb8 8. Nc3
Bd7 9. e4 Be7 10. d5 Nb4 11. Ne5 b5 12. axb5 axb5 13. Bf4 exd5 14. Nxd7 Nxd7
15. Ra7 Bd6 16. Bxd6 cxd6 17. Qg4 Ne5 18. Qxg7 Rf8 19. exd5 Nbd3 20. Ne4 f6
21. Bh3 Nf3+ 22. Kh1 f5 23. Bxf5 1-0

[Event "O Pohár mìsta Øíèany 2015 - OPEN A"]
[Site "Øíèany"]
[Date "2015.08.25"]
[Round "5.15"]
[White "Skacel, Jan"]
[Black "Nova, Michaela"]
[Result "1/2-1/2"]
[WhiteElo "2051"]
[BlackElo "1828"]
[PlyCount "0"]
[EventDate "2015.08.22"]

1. Nf3 Nf6 2. g3 g6 3. Bg2 Bg7 4. O-O O-O 5. d4 d5 6. c4 e6 7. Nc3 dxc4 8. Qa4
a6 9. Qxc4 b5 10. Qb3 Bb7 11. a4 Nbd7 12. axb5 c6 13. bxc6 Bxc6 14. Bf4 Qe7
15. Ne5 Bxg2 16. Kxg2 Rab8 17. Qc2 Nxe5 18. Bxe5 Qb7+ 19. Kg1 Qxb2 20. Qd3 Rbc8
21. Na4 Qb5 22. Qf3 Nd7 23. Bxg7 Kxg7 24. Rfb1 Qc6 25. Qxc6 Rxc6 26. Rb7 Rd6
27. e3 Rb8 28. Ra7 e5 29. Nc5 Nxc5 30. dxc5 Rc6 1/2-1/2

[Event "O Pohár mìsta Øíèany 2015 - OPEN A"]
[Site "Øíèany"]
[Date "2015.08.25"]
[Round "5.16"]
[White "Voracek, Zdenek"]
[Black "Petr, Jakub"]
[Result "1/2-1/2"]
[WhiteElo "2026"]
[BlackElo "1750"]
[PlyCount "0"]
[EventDate "2015.08.22"]

1. d4 Nf6 2. c4 g6 3. Nc3 d5 4. cxd5 Nxd5 5. e4 Nxc3 6. bxc3 Bg7 7. Bc4 c5
8. Ne2 Nc6 9. Be3 O-O 10. O-O Qc7 11. Rc1 Rd8 12. f4 e6 13. Qe1 cxd4 14. cxd4
Nxd4 15. Bxe6 Qe7 16. Bxc8 Raxc8 17. Rxc8 Nxe2+ 18. Qxe2 Rxc8 19. Bxa7 Qa3
20. Be3 Qa4 21. e5 Rc2 22. Qd1 Qxa2 23. Rf2 Rxf2 24. Bxf2 Qc4 25. g3 b5 26. Qb1
b4 27. Qb2 Bf8 28. Bd4 1/2-1/2

[Event "O Pohár mìsta Øíèany 2015 - OPEN A"]
[Site "Øíèany"]
[Date "2015.08.25"]
[Round "5.17"]
[White "Mladek, Richard"]
[Black "Horak, Martin"]
[Result "1/2-1/2"]
[WhiteElo "1960"]
[BlackElo "2019"]
[PlyCount "0"]
[EventDate "2015.08.22"]

1. e4 d6 2. d4 Nf6 3. Nc3 g6 4. Bg5 c6 5. Be2 Nbd7 6. f4 b5 7. Bf3 b4 8. Nb1
Nb6 9. Nd2 Bg7 10. a3 bxa3 11. Rxa3 O-O 12. Ne2 Qc7 13. c4 e5 14. c5 dxc5
15. fxe5 Ne8 16. dxc5 Qxe5 17. Be3 Nd7 18. Nc4 Qe7 19. b4 Ne5 20. Nxe5 Bxe5
21. O-O Nc7 22. Bf4 Nb5 23. Rd3 a5 24. Qd2 axb4 25. Qxb4 Ra2 26. Bxe5 Qxe5
27. Nd4 Nxd4 28. Rxd4 Ba6 29. Rfd1 Bb5 30. Qc3 Kg7 31. R4d3 Re8 32. Qxe5+ Rxe5
33. Rc3 g5 34. h3 Kg6 35. Rd6+ f6 36. Kh2 Ra1 37. Kg3 Ra5 38. Bd1 Ra1 39. Rf3
Kg7 40. Rd7+ Kg6 41. Rd6 Kg7 42. Rdxf6 Rxd1 43. Rf7+ Kg8 44. Rf8+ Kg7 45. R8f7+
Kg8 1/2-1/2

[Event "O Pohár mìsta Øíèany 2015 - OPEN A"]
[Site "Øíèany"]
[Date "2015.08.25"]
[Round "5.18"]
[White "Lacina, Filip"]
[Black "Skubal, Ondrej"]
[Result "1/2-1/2"]
[WhiteElo "2017"]
[BlackElo "1725"]
[PlyCount "0"]
[EventDate "2015.08.22"]

1. e4 c5 2. Nf3 Nc6 3. Nc3 g6 4. d4 cxd4 5. Nxd4 Bg7 6. Be3 Nf6 7. Nb3 O-O
8. Be2 d6 9. f4 a5 10. Nd4 Bd7 11. O-O Qb6 12. Na4 Qd8 13. Nc3 Qb6 14. Qd2 Nxe4
15. Nxe4 Bxd4 16. Bxd4 Nxd4 17. Kh1 Nxe2 18. Qxe2 d5 19. Nf2 Bb5 20. Nd3 Bxd3
21. cxd3 e6 22. Rac1 Rac8 23. g3 Rc7 24. Rxc7 Qxc7 25. g4 Rc8 26. f5 exf5
27. gxf5 Qc2 28. Qf3 Qc6 29. fxg6 fxg6 30. Qf7+ Kh8 31. d4 Qe8 32. Qxd5 Qc6
33. Qxc6 Rxc6 34. Rf2 Kg7 35. Kg2 Rd6 1/2-1/2

[Event "O Pohár mìsta Øíèany 2015 - OPEN A"]
[Site "Øíèany"]
[Date "2015.08.25"]
[Round "5.19"]
[White "Martinec, Karel"]
[Black "Vystrcil, Martin"]
[Result "1/2-1/2"]
[WhiteElo "1897"]
[BlackElo "2014"]
[PlyCount "0"]
[EventDate "2015.08.22"]

1. Nf3 Nf6 2. d4 g6 3. g3 Bg7 4. Bg2 O-O 5. c4 d6 6. O-O Nbd7 7. Nc3 e5 8. d5
Ne8 9. e4 a5 10. Be3 f5 11. Qd2 Nc5 12. Ng5 h6 13. Nh3 g5 14. f4 gxf4 15. gxf4
fxe4 16. fxe5 Bxh3 17. Rxf8+ Kxf8 18. Bxh3 Bxe5 19. Bxh6+ Ng7 20. Rf1+ Kg8
21. Bg5 Qe8 22. Bg4 Qg6 23. h4 Rf8 24. Rxf8+ Kxf8 25. Qe3 Kg8 26. b3 Nf5 27. Qh3
Nxh4 28. Qxh4 Bxc3 29. Be3 Bf6 30. Qh3 Nd3 31. Kf1 Bg7 32. Bf5 Qf6 33. Qh5
1/2-1/2

[Event "O Pohár mìsta Øíèany 2015 - OPEN A"]
[Site "Øíèany"]
[Date "2015.08.25"]
[Round "5.20"]
[White "Parizek, Vojtech"]
[Black "Splichal, Petr"]
[Result "1-0"]
[WhiteElo "1886"]
[BlackElo "2009"]
[PlyCount "0"]
[EventDate "2015.08.22"]

1. e4 e6 2. d4 d5 3. Nc3 Bb4 4. e5 c5 5. a3 Bxc3+ 6. bxc3 Qc7 7. Qg4 Ne7
8. Qxg7 Rg8 9. Qxh7 cxd4 10. Ne2 Nbc6 11. f4 Bd7 12. Qd3 dxc3 13. Nxc3 a6 14. h4
Nf5 15. Rh3 Na5 16. h5 O-O-O 17. h6 Rg6 18. h7 Rh8 19. Rb1 Bc6 20. Bd2 Nc4
21. Ne4 Nxe5 22. fxe5 dxe4 23. Qc4 Rg7 24. Qc5 Rgxh7 25. Ba5 Rxh3 26. Bxc7 Re3+
27. Kf2 Kxc7 28. Bxa6 1-0

[Event "O Pohár mìsta Øíèany 2015 - OPEN A"]
[Site "Øíèany"]
[Date "2015.08.25"]
[Round "5.21"]
[White "Rastocny, Josef"]
[Black "Skala, Jaromir"]
[Result "1-0"]
[WhiteElo "1860"]
[BlackElo "1959"]
[PlyCount "0"]
[EventDate "2015.08.22"]

1. d4 Nf6 2. c4 g6 3. Nc3 Bg7 4. e4 d6 5. f3 O-O 6. Be3 e5 7. d5 c6 8. Bd3 cxd5
9. cxd5 Nbd7 10. Nge2 Nc5 11. Bc2 a5 12. O-O b6 13. a3 Rb8 14. Qd2 b5 15. b4
Ncd7 16. Bd3 Ba6 17. a4 axb4 18. Nxb5 Nc5 19. Bc4 Nxa4 20. Qxb4 Bxb5 21. Bxb5
Nb6 22. Rfb1 Na8 23. Qa3 Nc7 24. Bc6 Rxb1+ 25. Rxb1 Nce8 26. Bb6 Qb8 27. Nc3 Bh6
28. Kh1 Bd2 29. Be3 1-0

[Event "O Pohár mìsta Øíèany 2015 - OPEN A"]
[Site "Øíèany"]
[Date "2015.08.25"]
[Round "5.22"]
[White "Hurtak, Otto"]
[Black "Stojkovic, Andrea"]
[Result "1/2-1/2"]
[WhiteElo "1955"]
[BlackElo "1872"]
[PlyCount "0"]
[EventDate "2015.08.22"]

1. d4 Nf6 2. c4 g6 3. Nc3 Bg7 4. e4 d6 5. Nf3 O-O 6. Be2 e5 7. d5 a5 8. Bg5 h6
9. Bh4 Na6 10. Nd2 Bd7 11. O-O Qe8 12. b3 h5 13. f3 Nh7 14. a3 Bh6 15. Rb1 Kh8
16. b4 axb4 17. axb4 f5 18. Bf2 Rg8 19. c5 Nf6 20. Nb5 Bxb5 21. Bxb5 Qe7
22. cxd6 cxd6 23. Bb6 Raf8 24. Qb3 fxe4 25. Nxe4 Nxe4 26. fxe4 Nc7 {spatne
zapsane a necitelne} 1/2-1/2

[Event "O Pohár mìsta Øíèany 2015 - OPEN A"]
[Site "Øíèany"]
[Date "2015.08.25"]
[Round "5.23"]
[White "Danhel, Lukas"]
[Black "Maly, Filip"]
[Result "0-1"]
[WhiteElo "1807"]
[BlackElo "1932"]
[PlyCount "0"]
[EventDate "2015.08.22"]

1. e4 c5 2. Nf3 d6 3. d4 cxd4 4. Nxd4 Nf6 5. Nc3 a6 6. Be2 e5 7. Nb3 Be7 8. O-O
O-O 9. f4 b5 10. Bf3 Bb7 11. Be3 Nbd7 12. a4 b4 13. Nd5 Bxd5 14. exd5 e4 15. Be2
Nb6 16. Bxb6 Qxb6+ 17. Qd4 Qxd4+ 18. Nxd4 Nxd5 19. Nf5 Bf6 20. Rad1 Nb6 21. a5
Na4 22. Nxd6 Nxb2 23. Rb1 Bd4+ 24. Kh1 f5 25. Nc4 Na4 26. Rxb4 Nc3 27. Nb6 Nxe2
28. Nxa8 Rxa8 29. Rc4 Bf6 30. g3 Nc3 31. Rc6 e3 32. Re1 e2 33. Re6 Kf7 34. Rc6
Rd8 0-1

[Event "O Pohár mìsta Øíèany 2015 - OPEN A"]
[Site "Øíèany"]
[Date "2015.08.25"]
[Round "5.24"]
[White "Pribyl, Jaroslav"]
[Black "Cabart, Pavel"]
[Result "1/2-1/2"]
[WhiteElo "1928"]
[BlackElo "1704"]
[PlyCount "0"]
[EventDate "2015.08.22"]

1. d4 Nf6 2. Nf3 g6 3. c4 Bg7 4. Nc3 O-O 5. e4 d6 6. Be2 e5 7. dxe5 dxe5
8. Qxd8 Rxd8 9. Bg5 Re8 10. O-O c6 11. c5 Bg4 12. h3 Bxf3 13. Bxf3 Na6 14. Be3
Nc7 15. Rfd1 Rad8 16. Rd6 Ne6 17. Rad1 Bf8 18. Rxd8 Rxd8 19. Rxd8 Nxd8 20. b4
Ne6 21. Ne2 a5 22. a3 axb4 23. axb4 h5 24. g3 Kh7 25. Bg2 Bh6 26. f4 h4 27. Kf2
hxg3+ 28. Kxg3 Nh5+ 29. Kf3 Nhxf4 30. Nxf4 Bxf4 31. Bxf4 Nxf4 32. Bf1 f5 33. Ke3
Kh6 34. Bc4 Kh5 35. Bf7 Kh4 36. Be8 Ne6 37. Bxg6 f4+ 38. Kf2 Ng5 39. Bf5 Nxh3+
40. Kg2 Ng5 41. Bc8 Nxe4 42. Bxb7 Kg4 43. Bxc6 f3+ 44. Kf1 Ng3+ 45. Ke1 e4
46. b5 e3 47. Bxf3+ Kxf3 48. b6 Ne4 49. b7 Nxc5 50. b8=Q Nd3+ 51. Kd1 e2+
52. Kd2 e1=Q+ 53. Kxd3 1/2-1/2